000 00512nam a2200205Ia 4500
999 _c2499
_d2499
003 0100
008 130227s9999 xx 000 0 und d
040 _cARRUPELIB
050 _aGT521.B3
100 _aBarthes, Roland
_938622
245 _aSysteme de la mode /
260 _aParis
_bEditions du Seuil
300 _a326p.
300 _b 23 cm
650 _aClothing and dresses
_xTerminology
_938623
650 _aClothing and dresses
_xPsychology
_938624
942 _2lcc
_cMONOGRAPH